000 00464nam a2200169Ia 4500
003 GCL
008 140319s9999 xx 000 0 ara d
040 _aGCL /
_cGCL
082 0 4 _a230
_bا م
100 1 _aاحمد عمر هاشم
245 1 0 _aمن هدى السنة فى العبادات /
_cاحمد عمر هاشم
490 _a
650 0 4 _aالحديث - شرح
650 0 4 _aالعبادات
650 0 4 _aالحديث - احكام
942 _2ddc
_cBK
999 _c39654
_d39654